000 01512cam a22004214i 4500
003 PE-LiUPU
005 20250731173222.0
008 150625s1986 pau r 000 0 eng d
035 _a(Sirsi) a33828
040 _aPE-LiUPU
_bspa
_cPE-LiUPU
_erda
049 _aPRUA
082 0 4 _a221.07
_bOTL
_221
100 1 _aCarroll, Robert P.,
_eautor.
245 1 0 _aJeremiah :
_bA commentary /
_cRobert P. Carroll.
264 1 _aPhiladelphia :
_bThe Westminster Press,
_c1986.
300 _a874 páginas ;
_c23 centímetros.
336 _atext
_2rdacontent
337 _aunmediated
_2rdamedia
338 _avolume
_2rdacarrier
490 0 _a(The Old Testament Library)
505 0 _aGeneral remarks on the book of Jeremiah -- Theories of composition and redaction -- The text of Jeremiah -- The figure of Jeremiah -- The fuction, setting, and date of the book -- Apologia pro libro suo -- Ouline of the book of Jeremiah.
526 _aSEG42
526 _aSEG41
526 _aSEG40
526 _aSEG39
526 _aP94
526 _aP87
526 _aP86
526 _aP85
526 _aP77
526 _aP76
526 _aP35
630 _aBiblia.
_pJeremías
_xCrítica e interpretación
942 _2ddc
_cBK
949 _a221.07 OTL 24
_wDEWEY
_c1
_i37814
_lCCODEBUL1
_mBUL
_p00.00
_r0
_sY
_tBOOK
_u2015-06-25
_xTEOLOGIA
_zUNKNOWN
_0COMPRA
_o.STAFF. Colección General
999 _c41618
_d41618
980 _81
_gALBERTO SANCHEZ Responsable de Automatización